[Event "Chennai AICF (Women)"]
[Site "Chennai"]
[Date "2024.03.19"]
[Round "3"]
[White "Franco Valencia, Angela Maria"]
[Black "Monnisha, GK."]
[Result "1/2-1/2"]
[WhiteElo "2095"]
[BlackElo "2202"]
[PlyCount "64"]
[EventDate "2024.03.18"]
[EventType "tourn"]
[EventRounds "11"]
[EventCountry "IND"]
[SourceTitle "CB13_2024"]
[SourceDate "2024.03.27"]
[SourceVersion "1"]
[SourceVersionDate "2024.03.27"]
[SourceQuality "1"]

1. e4 e5 2. Nf3 Nc6 3. Bc4 Nf6 4. d3 Bc5 5. c3 0-0 6. Bg5 Be7 7. Nbd2 h6 8. Bh4 a6 9. Bb3 d6 10. 0-0 Nh5 11. Bg3 Nxg3 12. fxg3 Na5 13. Bc2 c5 14. Kh1 b5 15. Qe2 Be6 16. Rf2 Rb8 17. Nf1 b4 18. c4 Nc6 19. Ne3 Bg5 20. Nd5 Bg4 21. Qf1 Bxf3 22. Rxf3 Nd4 23. Rf2 Qd7 24. Bd1 Bd8 25. Bh5 Qe6 26. Ne3 Bg5 27. Bg4 Qe8 28. Nd5 Rb7 29. h4 Bd8 30. Qg1 a5 31. Raf1 Qa4 32. Ra1 Qc6 1/2-1/2

[Event "Wch Blitz (Women)"]
[Site "Samarkand"]
[Date "2023.12.29"]
[Round "6"]
[White "Franco Valencia, Angela Maria"]
[Black "Abdulla, Khayala Mardan Qizi"]
[Result "0-1"]
[WhiteElo "2095"]
[BlackElo "2266"]
[PlyCount "58"]
[EventDate "2023.12.29"]
[EventType "swiss (blitz)"]
[EventRounds "17"]
[EventCountry "UZB"]
[SourceTitle "CB01_2024"]
[SourceDate "2024.01.03"]
[SourceVersion "1"]
[SourceVersionDate "2024.01.03"]
[SourceQuality "1"]

1. e4 c5 2. Nf3 e6 3. d4 cxd4 4. Nxd4 a6 5. Nc3 Qc7 6. g3 Bb4 7. Bd2 Nf6 8. Bg2 Nc6 9. Nb3 Be7 10. a4 b6 11. 0-0 Bb7 12. Kh1 d6 13. f4 Nd7 14. Qe2 Nc5 15. Be3 Nb4 16. Nd4 0-0 17. f5 e5 18. Nb3 Nxb3 19. cxb3 Rfd8 20. Rac1 Qd7 21. Bxb6 Rdc8 22. Nd5 Bxd5 23. exd5 Rxc1 24. Rxc1 Qxf5 25. Be4 Qd7 26. Ba5 Rb8 27. Qd2 f5 28. Bg2 h6 29. Bxb4 Bg5 0-1

[Event "Wch Blitz (Women)"]
[Site "Samarkand"]
[Date "2023.12.29"]
[Round "2"]
[White "Yakubbaeva, Nilufar"]
[Black "Franco Valencia, Angela Maria"]
[Result "0-1"]
[WhiteElo "2307"]
[BlackElo "2095"]
[PlyCount "64"]
[EventDate "2023.12.29"]
[EventType "swiss (blitz)"]
[EventRounds "17"]
[EventCountry "UZB"]
[SourceTitle "CB01_2024"]
[SourceDate "2024.01.03"]
[SourceVersion "1"]
[SourceVersionDate "2024.01.03"]
[SourceQuality "1"]

1. d4 Nf6 2. Nf3 c5 3. e3 g6 4. b3 Bg7 5. Bb2 b6 6. Be2 Bb7 7. 0-0 0-0 8. c4 cxd4 9. exd4 d5 10. Nc3 Nc6 11. Rc1 Rc8 12. cxd5 Nb4 13. Ba3 Nbxd5 14. Nxd5 Nxd5 15. Rxc8 Qxc8 16. Bc4 Qc7 17. Re1 Re8 18. Ne5 e6 19. f3 Rd8 20. Qe2 h6 21. h4 a6 22. Kh1 b5 23. Bd3 b4 24. Bb2 Nf4 25. Qc2 Bxe5 26. Rxe5 Qe7 27. Be4 Qxh4+ 28. Kg1 Qe1+ 29. Kh2 Rc8 30. Qb1 Qh4+ 31. Kg1 Qg3 32. Bxb7 Qxg2# 0-1

[Event "Wch Rapid (Women)"]
[Site "Samarkand"]
[Date "2023.12.28"]
[Round "11"]
[White "Zaksaite, Salomeja"]
[Black "Franco Valencia, Angela Maria"]
[Result "0-1"]
[WhiteElo "2212"]
[BlackElo "2095"]
[PlyCount "74"]
[EventDate "2023.12.26"]
[EventType "swiss (rapid)"]
[EventRounds "11"]
[EventCountry "UZB"]
[SourceTitle "CB01_2024"]
[SourceDate "2024.01.03"]
[SourceVersion "1"]
[SourceVersionDate "2024.01.03"]
[SourceQuality "1"]

1. e4 e5 2. Nf3 Nc6 3. Bc4 Bc5 4. d3 Nf6 5. Nbd2 d6 6. c3 a6 7. Bb3 Ng4 8. 0-0 Qf6 9. h3 Nh6 10. Nc4 Qg6 11. Kh2 Qh5 12. d4 exd4 13. cxd4 Ba7 14. Bf4 Bg4 15. Be3 b5 16. d5 Ne7 17. Bxa7 Rxa7 18. Ne3 Bxf3 19. Qxf3 Qe5+ 20. Qg3 Qxb2 21. f4 0-0 22. Rac1 f5 23. e5 Kh8 24. Qg5 Nhg8 25. e6 Qd4 26. Rfe1 h6 27. Qg3 g5 28. fxg5 f4 29. Qf3 Ng6 30. Qh5 fxe3 31. Qxg6 Qf4+ 32. Kh1 e2 33. gxh6 c5 34. dxc6 Rh7 35. c7 Rxh6 36. Qxg8+ Rxg8 37. c8Q Rxh3+ 0-1

[Event "Wch Rapid (Women)"]
[Site "Samarkand"]
[Date "2023.12.27"]
[Round "6"]
[White "Franco Valencia, Angela Maria"]
[Black "Arabidze, Meri"]
[Result "0-1"]
[WhiteElo "2095"]
[BlackElo "2462"]
[PlyCount "144"]
[EventDate "2023.12.26"]
[EventType "swiss (rapid)"]
[EventRounds "11"]
[EventCountry "UZB"]
[SourceTitle "CB01_2024"]
[SourceDate "2024.01.03"]
[SourceVersion "1"]
[SourceVersionDate "2024.01.03"]
[SourceQuality "1"]

1. e4 c5 2. Nf3 e6 3. d4 cxd4 4. Nxd4 Nc6 5. Nc3 Qc7 6. g3 a6 7. Bg2 d6 8. 0-0 Bd7 9. Nb3 Nf6 10. Kh1 Be7 11. f4 Rd8 12. Qe2 b5 13. Re1 Bc8 14. Bd2 0-0 15. a3 Bb7 16. g4 Rfe8 17. g5 Nd7 18. Qh5 Bf8 19. Re3 g6 20. Qh4 Bg7 21. Rh3 Nf8 22. Rf1 Ne7 23. Rd3 Rd7 24. Be3 Bc6 25. Qf2 Rb8 26. Nd4 b4 27. Nxc6 Nxc6 28. Na4 a5 29. Rfd1 bxa3 30. bxa3 Ne7 31. Qd2 Nc8 32. Bd4 e5 33. Bc3 Qc6 34. Nb2 Rdb7 35. Qc1 Ne6 36. fxe5 Bxe5 37. Bxe5 dxe5 38. Rb3 Nd6 39. Rxb7 Qxb7 40. Nd3 Nc4 41. Rf1 Qe7 42. h4 Nd4 43. Rf2 Nxa3 44. Qd2 Nc4 45. Qc3 Ne3 46. Qxa5 Rb1+ 47. Kh2 Ng4+ 48. Kg3 Nxf2 49. Kxf2 Kg7 50. Qxe5+ Qxe5 51. Nxe5 Rb2 52. Ng4 Rxc2+ 53. Kg3 Rc3+ 54. Kf2 Ne6 55. Bf3 Nf4 56. Kg3 Nd3 57. Nh2 h5 58. gxh6+ Kxh6 59. Kg4 Ne5+ 60. Kf4 Nxf3 61. Nxf3 Kh5 62. Ne5 Rc7 63. Nf3 f6 64. Kg3 Rc3 65. Kf4 Rxf3+ 66. Kxf3 Kxh4 67. Kf4 g5+ 68. Kf5 g4 69. Kxf6 g3 70. e5 g2 71. e6 g1Q 72. e7 Qg8 0-1

[Event "Wch Rapid (Women)"]
[Site "Samarkand"]
[Date "2023.12.26"]
[Round "4"]
[White "Franco Valencia, Angela Maria"]
[Black "Naisanga Sheba Valentine"]
[Result "1-0"]
[WhiteElo "2095"]
[BlackElo "1303"]
[PlyCount "87"]
[EventDate "2023.12.26"]
[EventType "swiss (rapid)"]
[EventRounds "11"]
[EventCountry "UZB"]
[SourceTitle "CB01_2024"]
[SourceDate "2024.01.03"]
[SourceVersion "1"]
[SourceVersionDate "2024.01.03"]
[SourceQuality "1"]

1. e4 e5 2. Nf3 Nc6 3. Bc4 Bc5 4. c3 Nf6 5. d3 0-0 6. 0-0 d5 7. exd5 Nxd5 8. b4 Bb6 9. Bxd5 Qxd5 10. c4 Qd6 11. c5 Bxc5 12. bxc5 Qxc5 13. Ba3 Nb4 14. Qc1 Qxc1 15. Rxc1 Nxd3 16. Rd1 Rd8 17. Nxe5 Bf5 18. Nxd3 Bxd3 19. Nc3 c6 20. Rd2 Rd7 21. Rad1 Rad8 22. f3 Bf5 23. Rxd7 Rxd7 24. Rxd7 Bxd7 25. Bd6 b5 26. Bc5 a5 27. a3 f5 28. Kf2 a4 29. Ke3 Kf7 30. Kd4 Ke6 31. h4 h5 32. Ne2 Kf6 33. Bb6 g6 34. Nf4 Kf7 35. Ke5 b4 36. axb4 a3 37. Bd4 a2 38. Kd6 Be8 39. Ne6 Kg8 40. Nd8 Kf8 41. Nxc6 Bf7 42. b5 Bc4 43. b6 Ba6 44. Nb4 1-0

[Event "Raipur Chhattisgarh"]
[Site "Raipur"]
[Date "2022.09.22"]
[Round "4"]
[White "Franco Valencia, Angela Maria"]
[Black "Liyanage, Ranindu Dilshan"]
[Result "0-1"]
[WhiteElo "2066"]
[BlackElo "2306"]
[PlyCount "82"]
[EventDate "2022.09.19"]
[EventType "swiss"]
[EventRounds "10"]
[EventCountry "IND"]
[SourceTitle "CBM 210 Extra"]
[Source "ChessBase"]
[SourceDate "2022.11.30"]
[SourceVersion "1"]
[SourceVersionDate "2022.11.30"]
[SourceQuality "1"]

1. e4 e6 2. d4 d5 3. Nd2 Be7 4. Ngf3 Nf6 5. exd5 exd5 6. Bd3 0-0 7. 0-0 h6 8. Re1 Be6 9. c3 Re8 10. Nf1 c5 11. dxc5 Bxc5 12. Be3 Bxe3 13. Nxe3 Nc6 14. Bc2 Qb6 15. Bb3 Rad8 16. Nd4 Ne4 17. Nxe6 fxe6 18. Qg4 Ne5 19. Qe2 Kh8 20. Rab1 Rf8 21. f3 Nf6 22. Kh1 Ng6 23. g3 e5 24. Rbd1 Qc6 25. c4 dxc4 26. Bxc4 e4 27. f4 Ne7 28. Bb3 Rxd1 29. Rxd1 Qc5 30. Nc4 Nc6 31. Nd6 Qb6 32. Nf7+ Kh7 33. Rd6 Qc5 34. Rxf6 gxf6 35. Qxe4+ Kg7 36. Qe6 Nd4 37. Qg4+ Kh7 38. Qh3 Qc1+ 39. Kg2 Qd2+ 40. Kg1 Qe3+ 41. Kf1 Qf3+ 0-1

[Event "Raipur Chhattisgarh"]
[Site "Raipur"]
[Date "2022.09.21"]
[Round "3"]
[White "Dhananjay, S."]
[Black "Franco Valencia, Angela Maria"]
[Result "1-0"]
[WhiteElo "2197"]
[BlackElo "2066"]
[PlyCount "77"]
[EventDate "2022.09.19"]
[EventType "swiss"]
[EventRounds "10"]
[EventCountry "IND"]
[SourceTitle "CBM 210 Extra"]
[Source "ChessBase"]
[SourceDate "2022.11.30"]
[SourceVersion "1"]
[SourceVersionDate "2022.11.30"]
[SourceQuality "1"]

1. d4 Nf6 2. c4 c5 3. d5 e5 4. Nc3 d6 5. e4 Be7 6. Bd3 0-0 7. h3 Nbd7 8. g4 Ne8 9. Nf3 a6 10. a4 Rb8 11. Be3 Nb6 12. Rg1 Bd7 13. Qb1 Na8 14. b4 b5 15. cxb5 axb5 16. Nxb5 Bxb5 17. axb5 Qc7 18. Nd2 Qd8 19. g5 Nec7 20. Ra5 f6 21. Nc4 Nxb5 22. bxc5 Nd4 23. Qd1 dxc5 24. gxf6 Rxf6 25. Bxd4 cxd4 26. Ra7 Rf7 27. Kf1 Qf8 28. Ra2 Bh4 29. Rg2 Rf3 30. Nxe5 Rxh3 31. Qg4 Rh1+ 32. Rg1 Rh2 33. Nf3 Rxf2+ 34. Rxf2 Bxf2 35. Kxf2 Rb2+ 36. Kg3 Nc7 37. e5 Rb4 38. d6 Ne8 39. Bxh7+ 1-0

[Event "New Delhi op 19th"]
[Site "New Delhi"]
[Date "2022.03.22"]
[Round "1"]
[White "Franco Valencia, Angela Maria"]
[Black "Gupta, Abhijeet"]
[Result "0-1"]
[WhiteElo "2116"]
[BlackElo "2628"]
[PlyCount "114"]
[EventDate "2022.03.22"]
[EventType "swiss"]
[EventRounds "10"]
[EventCountry "IND"]
[SourceTitle "CBM 207 Extra"]
[Source "ChessBase"]
[SourceDate "2022.05.31"]
[SourceVersion "1"]
[SourceVersionDate "2022.05.31"]
[SourceQuality "1"]

1. e4 c5 2. Nf3 d6 3. d4 cxd4 4. Nxd4 Nf6 5. Nc3 a6 6. g3 Nc6 7. Bg2 Bd7 8. Nb3 g6 9. 0-0 Bg7 10. h3 0-0 11. Re1 b5 12. Bg5 h6 13. Be3 Ne5 14. Qc1 Kh7 15. Nd5 Nc4 16. Bd4 e5 17. Nxf6+ Bxf6 18. Be3 Bg7 19. Nd2 Rc8 20. b3 Nxe3 21. Rxe3 Be6 22. c4 f5 23. Qa3 Qb6 24. Rd3 b4 25. Qb2 f4 26. g4 a5 27. a4 bxa3 28. Qxa3 Rc5 29. b4 axb4 30. Qa6 Rc6 31. Qxb6 Rxb6 32. Rb3 Rfb8 33. Bf1 Bf6 34. Nf3 Bd8 35. Ne1 h5 36. gxh5 gxh5 37. Ra4 Bh4 38. Nf3 Rg8+ 39. Bg2 Bd8 40. Kh2 Bxc4 41. Rbxb4 Bb5 42. Ra7+ Kh8 43. Ra8 Bd3 44. Rxb6 Bxb6 45. Rxg8+ Kxg8 46. Ne1 Bb1 47. Kg1 Ba5 48. Kf1 Bxe1 49. Kxe1 h4 50. Ke2 Ba2 51. Kd3 Kf7 52. Ke2 Be6 53. Kd3 Ke7 54. Kc3 Kd7 55. Bf1 Kc6 56. Bg2 Kc5 57. Bf1 f3 0-1

[Event "Guwahati op 1st"]
[Site "Guwahati"]
[Date "2022.03.14"]
[Round "1"]
[White "Franco Valencia, Angela Maria"]
[Black "Litingse Sangtam, S."]
[Result "1-0"]
[WhiteElo "2116"]
[BlackElo "1266"]
[PlyCount "67"]
[EventDate "2022.03.14"]
[EventType "swiss"]
[EventRounds "10"]
[EventCountry "IND"]
[SourceTitle "CBM 207 Extra"]
[Source "ChessBase"]
[SourceDate "2022.05.31"]
[SourceVersion "1"]
[SourceVersionDate "2022.05.31"]
[SourceQuality "1"]

1. e4 e6 2. d4 d5 3. Nd2 c5 4. exd5 exd5 5. Bb5+ Nc6 6. Ngf3 Nf6 7. 0-0 Be7 8. dxc5 0-0 9. c3 Bxc5 10. Nb3 Bb6 11. Bg5 Qd6 12. Bxf6 gxf6 13. Nfd4 Kh8 14. Qh5 Rg8 15. Bd3 Rg7 16. Rfe1 Bg4 17. Qh4 Rag8 18. Kh1 Bd7 19. Nb5 Qb8 20. Qxf6 Bd8 21. Qd6 Qxd6 22. Nxd6 a6 23. Nc5 Bc7 24. Nxd7 Bxd6 25. Nf6 Ne5 26. Be2 Rd8 27. Rad1 Rg6 28. Nxd5 Rdg8 29. g3 Bc5 30. f4 Nc6 31. Bh5 R6g7 32. b4 Ba7 33. Nf6 Rc8 34. Rd7 1-0